00412 2200157 4500001002100000008004100021035002000062245002800082100002900110260002900139300002100168020001800189082001400207650002000221990001300241INLIS000000000000601 ind  a0010-0423000601 aPEREMPUAN MENCARI TUHAN aDIANING WIDYA YUDHISTIRA aJAKARTAbREPUBLIKAc2007 a286 hlm.c21 cm. a9789793210902 a899.221 3 aFIKSI INDONESIA a103016-1